African Countries with Population Over 50 Million - Statistics

General Stats
  • This quiz has been taken 582 times
  • The average score is 5 of 5
Answer Stats
Country % Correct
Egypt
98%
Nigeria
97%
South Africa
97%
Ethiopia
96%
D. R. Congo
95%
No matching quizzes found
Score Distribution
Percent of People with Each Score
Percentile by Number Answered
Your Score History
You have not taken this quiz